Dev 475 mastering object oriented analysis and design with UML V.1 student manual version 2003-06.00, part # 800-026320-000 (Record no. 178902)

MARC details
000 -LEADER
fixed length control field 00512nam a2200145Ia 4500
008 - FIXED-LENGTH DATA ELEMENTS--GENERAL INFORMATION
fixed length control field 231217s9999 xx 000 0 und d
041 ## - LANGUAGE CODE
Language code of text/sound track or separate title English
082 ## - DEWEY DECIMAL CLASSIFICATION NUMBER
Classification number 001.6424UML RAT.1;5
100 ## - MAIN ENTRY--PERSONAL NAME
Personal name Rational Software
245 #0 - TITLE STATEMENT
Title Dev 475 mastering object oriented analysis and design with UML V.1 student manual version 2003-06.00, part # 800-026320-000
260 ## - PUBLICATION, DISTRIBUTION, ETC.
Date of publication, distribution, etc. 2003
Name of publisher, distributor, etc. Rational
300 ## - PHYSICAL DESCRIPTION
Extent REF-6
650 ## - SUBJECT ADDED ENTRY--TOPICAL TERM
Topical term or geographic name entry element Dev,475,mastering,object,oriented,UML,V.1,version,2003-06.00,,#,800-026320-000
942 ## - ADDED ENTRY ELEMENTS (KOHA)
Koha item type Books
Holdings
Date last seen Total checkouts Full call number Accession number Price effective from Category Lost status Damaged status Department Withdrawn status Home library Current library Shelving location Entry date Vendor Grants Billdate Currency symbol Conversion rate Discount Old discount
26/01/2024   001.6424UML RAT.1;5 44683 26/01/2024 Books     Central Library   Central Library Central Library Central Library 10/04/2007 Publisher DONATED 11/09/2008 RS 1    
26/01/2024   001.6424UML RAT.1;6 44684 26/01/2024 Books     Central Library   Central Library Central Library Central Library 10/04/2007 Publisher DONATED 11/09/2008 RS 1    
26/01/2024   001.6424UML RAT.1;7 44685 26/01/2024 Books     Central Library   Central Library Central Library Central Library 10/04/2007 Publisher DONATED 11/09/2008 RS 1    
26/01/2024   001.6424UML RAT.1;8 44686 26/01/2024 Books     Central Library   Central Library Central Library Central Library 10/04/2007 Publisher DONATED 11/09/2008 RS 1    
26/01/2024   001.6424UML RAT.1;9 44687 26/01/2024 Books     Central Library   Central Library Central Library Central Library 10/04/2007 Publisher DONATED 11/09/2008 RS 1    
26/01/2024   001.6424UML RAT.1;10 44688 26/01/2024 Books     Central Library   Central Library Central Library Central Library 10/04/2007 Publisher DONATED 11/09/2008 RS 1    

© For any Suggestions or Query, please contact the library staff @ librarian@pes.edu or Phone: +9180 2672 1983/ 2108.